calcule rapide - Statistiques

Statistiques générales
  • Ce quiz a été pris 363 fois
  • Le résultat moyen est 13 sur 15
Statistiques - réponses
Hint Réponse % Correct
10X3 30
98%
1X4 4
98%
5X7 35
97%
3X9 27
96%
7X3 21
91%
10X7 70
91%
9X8 72
91%
6X6 36
90%
6X7 42
89%
8X5 40
88%
4X7 28
86%
7X7 49
83%
9X7 63
83%
8X6 48
81%
8X8 64
81%
Aucun quiz correspondant
Distribution des résultats
% des personnes avec chaque résultat
Percentile par nombre de réponses
Votre historique - résultats
Vous n’avez pas pris ce quiz